El cuidado personal de los hijos
Uloženo v:
| Hlavní autor: | |
|---|---|
| Médium: | Kniha |
| Jazyk: | španělština |
| Vydáno: |
Santiago
Legal Publishing
2018
|
| Vydání: | 1a. ed |
| Edice: | Colección Tratados y Manuales
|
| Témata: | |
| Tagy: |
Přidat tag
Žádné tagy, Buďte první, kdo vytvoří štítek k tomuto záznamu!
|
MARC
| LEADER | 00000cam a2200000 a 4500 | ||
|---|---|---|---|
| 001 | UCC5179 | ||
| 003 | CL-VaPUC | ||
| 008 | 180927e20180000cl |||||||||||||||||spa|d | ||
| 020 | |a 9789563469691 | ||
| 082 | 0 | 4 | |a 346.83015 |b ACU |2 21 |
| 100 | |a Acuña San Martín, Marcela |e autora |9 622405 | ||
| 245 | 1 | 3 | |a El cuidado personal de los hijos |
| 250 | |a 1a. ed | ||
| 300 | |a 328 p | ||
| 942 | |c BK | ||
| 945 | |d 20180927 22:58:00 |a dcastane | ||
| 260 | |a Santiago |b Legal Publishing |c 2018 | ||
| 650 | 0 | |a Derecho de familia |9 255603 | |
| 650 | 7 | |a CUIDADO DEL NIÑO |2 CL-VaPUC |9 538509 | |
| 583 | |a last modification |c 20180927 22:58:00 |k Rodrigo Vera | ||
| 490 | 0 | |a Colección Tratados y Manuales | |
| 999 | |c 372452 |d 372450 | ||
| 952 | |0 0 |1 0 |3 erb |4 0 |6 346_830150000000000_ACU_2018 |7 0 |8 A |9 490117 |a BIBDER |b BIBDER |i 5503361 |l 21 |m 2 |o 346.83015 ACU 2018 |p 5503361 |r 2023-11-20 |s 2023-11-13 |w 2019-11-24 |y BK |z Catalogado en:20180927 |k DER | ||
| 952 | |0 0 |1 0 |3 erb |4 0 |6 346_830150000000000_ACU_2018 |7 0 |8 A |9 490118 |a BIBGIM |b BIBGIM |i 5508991 |l 3 |m 1 |o 346.83015 ACU 2018 |p 5508991 |r 2025-01-15 |s 2022-06-07 |w 2019-11-24 |y BK |z Catalogado en:20181021 |k SSL | ||
| 952 | |0 0 |1 0 |3 erb |4 0 |6 346_830150000000000_ACU_2018 |7 0 |8 A |9 490119 |a BIBGIM |b BIBGIM |i 5509009 |l 4 |o 346.83015 ACU 2018 |p 5509009 |r 2025-01-15 |s 2022-03-23 |w 2019-11-24 |y BK |z Catalogado en:20181021 |k SSL | ||
| 952 | |0 0 |1 0 |3 erb |4 0 |6 346_830150000000000_ACU_2018 |7 0 |8 A |9 490120 |a BIBGIM |b BIBGIM |i 5509017 |l 1 |o 346.83015 ACU 2018 |p 5509017 |r 2025-01-15 |s 2020-02-26 |w 2019-11-24 |y BK |z Catalogado en:20181021 |k SSL | ||
| 952 | |0 0 |1 0 |3 erb |4 0 |6 346_830150000000000_ACU_2018 |7 0 |8 A |9 490121 |a BIBGIM |b BIBGIM |i 5509025 |l 2 |m 8 |o 346.83015 ACU 2018 |p 5509025 |q 2025-07-31 |r 2025-01-14 |s 2025-01-14 |w 2019-11-24 |y BK |z Catalogado en:20181021 |k SSL | ||